000 00312nam a2200133Ia 4500
005 20260328104336.0
008 260328s9999||||xx |||||||||||||| ||und||
100 _aPiaget, Jean
245 0 _aBiologĂ­a y Conocimiento /
_cJean Piaget
260 _bSa
300 _a338 p.
650 _aARQUITECTURA
942 _cBK
999 _c11888
_d11888